000 00438cam a22001451 4500
082 _a624.177
_bGRA
_cD.
100 1 _aGrassie, James C
_942725
245 0 0 _aElementary theory of structures.
260 _aLondon,
_aNew York,
_bLongmans, Green
_c[1950]
300 _aviii, 392 p.
_bdiagrs.
_c22 cm.
526 _a0
_b0
_c0
_d624_177000000000000_GRA
650 0 _aMCE
_9379
650 0 _aStructural analysis (Engineering)
_9654
942 _2ddc
_cBK
999 _c546749
_d546749